Search the Library Catalogue
| 000 -LEADER | |
|---|---|
| fixed length control field | 00678nam a2200229Ia 4500 |
| 008 - FIXED-LENGTH DATA ELEMENTS--GENERAL INFORMATION | |
| fixed length control field | 191130s1996##################000#0#eng## |
| 020 ## - INTERNATIONAL STANDARD BOOK NUMBER | |
| ISBN | 9780333637821 |
| 082 ## - DEWEY DECIMAL CLASSIFICATION NUMBER | |
| Classification number | 658.155 SCH |
| 100 ## - MAIN ENTRY--AUTHOR NAME | |
| Personal name | Schmidt, Ruth A |
| 245 ## - TITLE STATEMENT | |
| Title | Financial aspects of marketing |
| Statement of responsibility, etc | Ruth A. Schmidt and Helen Wright |
| 260 ## - PUBLICATION, DISTRIBUTION, ETC. (IMPRINT) | |
| Place of publication | Basingstoke, Hampshire |
| Name of publisher | Palgrave |
| Year of publication | 1996 |
| 300 ## - PHYSICAL DESCRIPTION | |
| Number of Pages | xviii, 299 p. : ill. ; 25 cm |
| 500 ## - GENERAL NOTE | |
| General note | Includes index |
| 650 ## - SUBJECT ADDED ENTRY--TOPICAL TERM | |
| Topical Term | Business enterprises -- Finance |
| Topical Term | Financial statements |
| Topical Term | Ratio analysis |
| 700 ## - ADDED ENTRY--PERSONAL NAME | |
| Personal name | Wright, Helen |
| 991 ## - | |
| -- | 124517 |
| Withdrawn status | Lost status | Damaged status | Not for loan | Home library | Current library | Shelving location | Date acquired | Full call number | Accession Number | Price effective from | Koha item type |
|---|---|---|---|---|---|---|---|---|---|---|---|
| Anna Centenary Library | Anna Centenary Library | 6TH FLOOR, A WING | 13.10.2020 | 658.155 SCH | 305678 | 13.10.2020 | English Books |